[Event "XVI Festival A"]
[Site "Trieste ITA"]
[Date "2014.08.30"]
[Round "1"]
[White "Zuttioni, Federico"]
[Black "Stark, Lars"]
[WhiteElo "2096"]
[BlackElo "2453"]
[Result "1/2-1/2"]
[PlyCount "75"]
[EventDate "2014.08.30"]

1. e4 e6 2. d4 d5 3. Nd2 Nc6 4. Ngf3 Nf6 5. e5 Nd7 6. Nb3 a5 7. a4 Be7 8. Bb5
Na7 9. Bd3 b6 10. Bd2 c5 11. dxc5 Nxc5 12. Nxc5 bxc5 13. c3 Rb8 14. Rb1 Qb6 15.
Be3 Nc6 16. Qe2 Ra8 17. O-O O-O 18. Bb5 Qc7 19. Bf4 Bb7 20. Rfe1 Rfd8 21. h4
Nb8 22. h5 Ba6 23. c4 Bb7 24. h6 g6 25. cxd5 Bxd5 26. Bg5 Nc6 27. Bxc6 Bxc6 28.
Bxe7 Qxe7 29. Qe3 Bxf3 30. Qxf3 Qh4 31. Rbc1 Rac8 32. Qe3 c4 33. Red1 g5 34.
Rxd8+ Rxd8 35. Qb6 Ra8 36. Qc6 Rf8 37. Rxc4 Qxh6 38. g3 1/2-1/2

[Event "XVI Festival A"]
[Site "Trieste ITA"]
[Date "2014.08.30"]
[Round "2"]
[White "Altini, Nicola"]
[Black "Zuttioni, Federico"]
[WhiteElo "2413"]
[BlackElo "2096"]
[Result "1-0"]
[PlyCount "77"]
[EventDate "2014.08.30"]

1. d4 Nf6 2. c4 e6 3. Nc3 d5 4. cxd5 exd5 5. Bg5 c6 6. e3 Be7 7. Qc2 O-O 8. Bd3
h6 9. Bf4 Nh5 10. Be5 Nd7 11. O-O-O Nxe5 12. dxe5 g6 13. h3 Ng7 14. Kb1 b5 15.
Nf3 Qb6 16. Rc1 a5 17. Rhd1 a4 18. Nd4 Bb7 19. Bxg6 b4 20. Nxa4 Qa5 21. Bh7+
Kh8 22. Nxc6 Bxc6 23. Qxc6 Kxh7 24. b3 Rfd8 25. Qc7 Qa7 26. Qxa7 Rxa7 27. Nb6
Ra5 28. Rc7 Bf8 29. Rxf7 Kg6 30. Rc7 Kf5 31. g4+ Ke4 32. Rd4+ Kf3 33. Rf4+ Kg2
34. Rf6 Kxh3 35. Rxh6+ Kxg4 36. Rf7 Rb5 37. Nd7 Kg5 38. Rh8 Rb7 39. f4+ 1-0

[Event "XVI Festival A"]
[Site "Trieste ITA"]
[Date "2014.08.30"]
[Round "2"]
[White "Blasco, Domenico"]
[Black "Sepehrkhoui, Ardeshir"]
[WhiteElo "1874"]
[BlackElo "2134"]
[Result "0-1"]
[PlyCount "84"]
[EventDate "2014.08.30"]

1. d4 Nf6 2. Nf3 g6 3. Nc3 d5 4. Bf4 Bg7 5. Qd2 h6 6. h3 a6 7. Ne5 b5 8. e3 Bb7
9. Bd3 Nbd7 10. f3 c5 11. Nd1 Qb6 12. c3 a5 13. Nf2 a4 14. a3 Nf8 15. O-O Ne6
16. Bh2 O-O 17. Nfg4 Nxg4 18. hxg4 Qa5 19. f4 cxd4 20. f5 dxc3 21. bxc3 Nc5 22.
fxg6 f6 23. Nf7 Nb3 24. Qf2 Nxa1 25. Rxa1 Qxc3 26. Rd1 e5 27. Qh4 Rxf7 28.
gxf7+ Kf8 29. Bg6 Qxe3+ 30. Kh1 d4 31. Rb1 Rc8 32. Bg1 Rc1 33. Rxc1 Qxc1 34.
Kh2 Qg5 35. Qxg5 fxg5 36. Bf2 Bd5 37. Bd3 Bc4 38. Be4 Kxf7 39. Be1 Bf8 40. Bg3
Kf6 41. Kg1 Bxa3 42. Kf2 Bb4 0-1

[Event "XVI Festival A"]
[Site "Trieste ITA"]
[Date "2014.08.30"]
[Round "2"]
[White "Borgo, Giulio"]
[Black "Zamar Kodelja, Jurij"]
[WhiteElo "2381"]
[BlackElo "2013"]
[Result "1-0"]
[PlyCount "71"]
[EventDate "2014.08.30"]

1. Nf3 Nf6 2. g3 g6 3. b3 Bg7 4. Bb2 d6 5. d4 O-O 6. Bg2 e5 7. dxe5 Ng4 8. Qd2
Nc6 9. O-O Ngxe5 10. c4 Nxf3+ 11. Bxf3 Ne5 12. Bg2 Rb8 13. Nc3 Be6 14. Rad1 Qe7
15. f4 Nc6 16. Nd5 Bxd5 17. cxd5 Bxb2 18. dxc6 Ba3 19. cxb7 Bc5+ 20. Kh1 Rfe8
21. Bc6 Qe3 22. Qxe3 Rxe3 23. f5 Kg7 24. f6+ Kf8 25. Rf4 Re6 26. b4 Be3 27. Rf3
Re5 28. Rd5 Re6 29. a4 Bb6 30. a5 Be3 31. g4 h6 32. h4 g5 33. Rdf5 gxh4 34. b5
Bd2 35. e4 Bxa5 36. g5 1-0

[Event "XVI Festival A"]
[Site "Trieste ITA"]
[Date "2014.08.30"]
[Round "2"]
[White "Dvirnyy, Danyyil"]
[Black "Larmuseau, Maarten"]
[WhiteElo "2530"]
[BlackElo "2236"]
[Result "1-0"]
[PlyCount "89"]
[EventDate "2014.08.30"]

1. d4 Nf6 2. c4 e6 3. Nc3 Bb4 4. e3 b6 5. Nge2 Bb7 6. a3 Be7 7. d5 d6 8. g3 c6
9. Bg2 O-O 10. dxe6 fxe6 11. Nd4 Bc8 12. Nxc6 Nxc6 13. Bxc6 Ba6 14. Bxa8 Qxa8
15. O-O Bxc4 16. Re1 Nd7 17. b3 Ba6 18. e4 Qc6 19. Re3 Bg5 20. f4 Bf6 21. Ra2
Rc8 22. Rd2 d5 23. Na2 Qc5 24. Kf2 d4 25. Re1 d3+ 26. Kg2 Bb5 27. e5 Be7 28.
Nb4 Qxc1 29. Qxc1 Rxc1 30. Rxc1 Nc5 31. a4 Be8 32. Rxd3 Nxd3 33. Nxd3 Bg6 34.
Rc7 Kf8 35. Nf2 a5 36. Kf3 Bb1 37. Ne4 Ba2 38. Nd6 Bxd6 39. exd6 Ke8 40. Rxg7
Bxb3 41. g4 Bxa4 42. f5 exf5 43. gxf5 Bb3 44. f6 a4 45. Re7+ 1-0

[Event "XVI Festival A"]
[Site "Trieste ITA"]
[Date "2014.08.30"]
[Round "2"]
[White "Franca, Veronika"]
[Black "Pregarac, Valter"]
[WhiteElo "1952"]
[BlackElo "2150"]
[Result "0-1"]
[PlyCount "92"]
[EventDate "2014.08.30"]

1. d4 e6 2. c4 Nf6 3. Nc3 Bb4 4. e3 O-O 5. Bd3 d5 6. cxd5 exd5 7. Bd2 Re8 8.
Nge2 c5 9. O-O Nc6 10. a3 c4 11. Bc2 Bd6 12. f3 a6 13. Qe1 Bf8 14. Rd1 b5 15.
Bb1 Rb8 16. Qh4 a5 17. Nf4 h6 18. Nh5 Be7 19. Nxf6+ Bxf6 20. Qf2 b4 21. axb4
axb4 22. Ne2 Ba6 23. Rfe1 Qb6 24. Bc1 Rbd8 25. Kh1 Bb5 26. Bc2 Qa7 27. Nf4 g6
28. Qg3 Bg7 29. h4 Ba4 30. Bxa4 Qxa4 31. h5 g5 32. Ne2 Qa2 33. Qh3 Na5 34. Ng3
Nb3 35. Nf5 Nxc1 36. Rxc1 Qxb2 37. Rb1 Qf2 38. Red1 Qc2 39. f4 b3 40. fxg5 hxg5
41. Rf1 Re6 42. Rbc1 Qe4 43. Nxg7 Kxg7 44. h6+ Rxh6 45. Rxf7+ Kxf7 46. Qxh6
Qh4+ 0-1

[Event "XVI Festival A"]
[Site "Trieste ITA"]
[Date "2014.08.30"]
[Round "2"]
[White "Franciskovic, Borka"]
[Black "Vovk, Andrey"]
[WhiteElo "2318"]
[BlackElo "2614"]
[Result "0-1"]
[PlyCount "142"]
[EventDate "2014.08.30"]

1. c4 Nf6 2. Nf3 g6 3. g3 Bg7 4. Bg2 O-O 5. O-O d6 6. Nc3 e5 7. d4 Nbd7 8. e4
exd4 9. Nxd4 Re8 10. h3 Nc5 11. Re1 Bd7 12. Bf4 h6 13. Rb1 a5 14. Kh2 a4 15. b4
Ne6 16. Be3 Ng5 17. f3 Qc8 18. h4 Ne6 19. Nd5 Qd8 20. Qd2 Kh7 21. Rbc1 a3 22.
Nxe6 fxe6 23. Nxf6+ Qxf6 24. c5 Bc6 25. cxd6 cxd6 26. Qxd6 Qb2 27. Rb1 Qxa2 28.
b5 Red8 29. Qe7 Be8 30. Rbd1 Rxd1 31. Rxd1 Qb3 32. Qxb7 Qxd1 33. Qxa8 Qb3 34.
Qa7 Qb2 35. e5 Bxb5 36. Bd4 Qd2 37. Kh3 a2 38. Qc5 Qd1 39. Bc3 Bf1 40. Qf2
Bxg2+ 41. Kxg2 a1=Q 42. Bxa1 Qxa1 43. f4 Qa8+ 44. Kh2 h5 45. Qb6 Qd5 46. Qb8
Qd2+ 47. Kh3 Qd7 48. Kg2 Qe7 49. Qc8 Bf8 50. Kh3 Kg7 51. Kg2 Kf7 52. Kh3 Qe8
53. Qb7+ Be7 54. Kh2 Qd8 55. Qa7 Ke8 56. Kh3 Qd7 57. Qa8+ Bd8 58. Qe4 Kf7 59.
Qa8 Qc7 60. Kh2 Qb6 61. Qc8 Bxh4 62. gxh4 Qf2+ 63. Kh1 Qf1+ 64. Kh2 Qxf4+ 65.
Kg2 Qe4+ 66. Kg1 Qxe5 67. Qd7+ Kg8 68. Qe8+ Kg7 69. Qe7+ Kh6 70. Kg2 Qf5 71.
Qd8 Qd5+ 0-1

[Event "XVI Festival A"]
[Site "Trieste ITA"]
[Date "2014.08.30"]
[Round "2"]
[White "Heikkila, Antti"]
[Black "Jovanic, Ognjen"]
[WhiteElo "1953"]
[BlackElo "2461"]
[Result "0-1"]
[PlyCount "54"]
[EventDate "2014.08.30"]

1. c4 c6 2. g3 d5 3. Bg2 Nf6 4. Nf3 Bf5 5. cxd5 cxd5 6. b3 Nc6 7. Bb2 e6 8. O-O
Bd6 9. Nc3 h6 10. d3 O-O 11. Re1 Bh7 12. a3 Rc8 13. e4 dxe4 14. dxe4 Bc5 15.
Na4 Be7 16. Nc3 Qb6 17. b4 a5 18. b5 Rfd8 19. Qe2 Nd4 20. Nxd4 Rxd4 21. e5 Nd7
22. Rad1 Rxd1 23. Rxd1 Nc5 24. Qe3 Rd8 25. Rxd8+ Qxd8 26. h4 Nd3 27. Ba1 Bc5
0-1

[Event "XVI Festival A"]
[Site "Trieste ITA"]
[Date "2014.08.30"]
[Round "2"]
[White "Hrescak, Ivana"]
[Black "Ludovici, Roberto"]
[WhiteElo "2020"]
[BlackElo "1835"]
[Result "1-0"]
[PlyCount "79"]
[EventDate "2014.08.30"]

1. d4 d5 2. c4 e6 3. Nc3 Nf6 4. Bg5 Be7 5. e3 c6 6. Nf3 O-O 7. Rc1 Qa5 8. Nd2
dxc4 9. Bxf6 Bxf6 10. Nxc4 Qd8 11. Be2 Nd7 12. O-O b6 13. Bf3 Ba6 14. Qa4 Bxc4
15. Qxc4 Rc8 16. Qa4 Qc7 17. Rfd1 b5 18. Nxb5 cxb5 19. Rxc7 bxa4 20. Rxd7 Rc2
21. Rxa7 Rxb2 22. Rxa4 g5 23. g3 Rc8 24. Be4 h5 25. Ra7 Rcb8 26. Rc1 Bd8 27.
Rc2 Rb1+ 28. Kg2 Ra1 29. Ra8 Rxa8 30. Bxa8 Kf8 31. d5 exd5 32. Bxd5 Ke7 33. Bb3
f6 34. Rc5 Kd6 35. Rd5+ Ke7 36. h4 gxh4 37. gxh4 Rb1 38. Rxh5 Rb2 39. Rh7+ Kd6
40. Rf7 1-0

[Event "XVI Festival A"]
[Site "Trieste ITA"]
[Date "2014.08.30"]
[Round "2"]
[White "Kozul, Zdenko"]
[Black "Cherin, Diego"]
[WhiteElo "2608"]
[BlackElo "2247"]
[Result "1-0"]
[PlyCount "65"]
[EventDate "2014.08.30"]

1. d4 f5 2. g3 Nf6 3. Bg2 e6 4. Nh3 g6 5. O-O Bg7 6. c4 O-O 7. Qc2 d6 8. Rd1 c6
9. b3 Re8 10. Nc3 Nbd7 11. Ba3 Bf8 12. d5 exd5 13. cxd5 c5 14. Nf4 Ne5 15. Bb2
Rb8 16. Ne6 Bxe6 17. dxe6 Rxe6 18. e4 Re8 19. exf5 gxf5 20. Qxf5 Bg7 21. Rab1
b5 22. h4 Rf8 23. Nxb5 Rxb5 24. Bxe5 Rb6 25. Qe6+ Kh8 26. Rxd6 Re8 27. Rxd8
Rbxe6 28. Rxe8+ Nxe8 29. Bxg7+ Kxg7 30. Rc1 Re2 31. a4 Rb2 32. Rxc5 Rxb3 33.
Ra5 1-0

[Event "XVI Festival A"]
[Site "Trieste ITA"]
[Date "2014.08.30"]
[Round "2"]
[White "Larmuseau, Michiel"]
[Black "Tagliaferri, Valerio"]
[WhiteElo "2143"]
[BlackElo "1909"]
[Result "1-0"]
[PlyCount "99"]
[EventDate "2014.08.30"]

1. e4 c5 2. Nc3 Nc6 3. Bb5 e6 4. Bxc6 bxc6 5. d3 Nf6 6. f4 d5 7. e5 Nd7 8. Nf3
Be7 9. Qe2 Ba6 10. Nd1 c4 11. d4 c5 12. c3 Qb6 13. Be3 Rb8 14. O-O O-O 15. dxc5
Nxc5 16. Nd4 Qc7 17. f5 exf5 18. Nxf5 Qxe5 19. Qg4 Nd3 20. Bd4 Bc5 21. Nde3
Bxd4 22. cxd4 h5 23. Qxh5 Qe6 24. Nxd5 Rb7 25. Qg4 g6 26. Nf6+ Qxf6 27. Nh6+
Kg7 28. Rxf6 Kxf6 29. Rf1+ Kg7 30. Nf5+ Kg8 31. Qg5 Rb6 32. d5 Bb7 33. b3 cxb3
34. axb3 Nc5 35. Ne7+ Kg7 36. Qe5+ f6 37. Qc7 Rf7 38. Qxc5 Rxb3 39. Qc2 Rb6 40.
Qxg6+ Kf8 41. Qg8+ Kxe7 42. Re1+ Kd6 43. Re6+ Kc5 44. Qxf7 Bxd5 45. Qc7+ Kb5
46. Re1 Bb3 47. Rb1 Kb4 48. Qxa7 Rb5 49. Qd4+ Ka3 50. Qc3 1-0

[Event "XVI Festival A"]
[Site "Trieste ITA"]
[Date "2014.08.30"]
[Round "2"]
[White "Lodici, Lorenzo"]
[Black "Vesce, Emanuele"]
[WhiteElo "2150"]
[BlackElo "1977"]
[Result "1-0"]
[PlyCount "31"]
[EventDate "2014.08.30"]

1. d4 Nf6 2. c4 g6 3. Nc3 d5 4. cxd5 Nxd5 5. Bd2 Bg7 6. e4 Nb6 7. Be3 O-O 8. h3
e5 9. d5 f5 10. Nf3 N8d7 11. Ng5 Nf6 12. Bc5 Re8 13. Qb3 Bh6 14. d6+ Kg7 15.
Qf7+ Kh8 16. dxc7 1-0

[Event "XVI Festival A"]
[Site "Trieste ITA"]
[Date "2014.08.30"]
[Round "2"]
[White "Lyell, Mark"]
[Black "Horvath, Jozsef"]
[WhiteElo "2202"]
[BlackElo "2501"]
[Result "1/2-1/2"]
[PlyCount "106"]
[EventDate "2014.08.30"]

1. e4 c6 2. Nc3 d5 3. Nf3 g6 4. h3 d4 5. Nb1 Bg7 6. Bc4 b5 7. Bb3 Na6 8. d3 Nc5
9. Nbd2 e5 10. O-O Ne7 11. a4 O-O 12. axb5 cxb5 13. Ba2 Be6 14. Bxe6 Nxe6 15.
Nb3 Nc6 16. Ra6 Qc8 17. Ra1 a5 18. Bd2 a4 19. Nc1 Qb7 20. Qe1 Nc5 21. Nh2 f5
22. f3 b4 23. b3 axb3 24. Nxb3 Nxb3 25. cxb3 Qb5 26. Rxa8 Rxa8 27. Qb1 f4 28.
Rc1 Ra6 29. Rc4 h5 30. Nf1 Bf8 31. Kf2 Na5 32. Rc8 Rc6 33. Rxc6 Qxc6 34. Be1
Be7 35. Ke2 Kf7 36. Nd2 g5 37. Qa2 Qb5 38. Nc4 Nxc4 39. dxc4 Qd7 40. Kd3 g4 41.
Qa4 Qe6 42. hxg4 hxg4 43. Qb5 gxf3 44. gxf3 Qh3 45. Qd5+ Kf8 46. Ke2 Qg2+ 47.
Bf2 Qh1 48. Qd7 Qb1 49. Qf5+ Ke8 50. Qc8+ Kf7 51. Qf5+ Ke8 52. Qc8+ Kf7 53.
Qf5+ Ke8 1/2-1/2

[Event "XVI Festival A"]
[Site "Trieste ITA"]
[Date "2014.08.30"]
[Round "2"]
[White "Makka, Ioulia"]
[Black "Baiocchi, Emanuele"]
[WhiteElo "2124"]
[BlackElo "1870"]
[Result "0-1"]
[PlyCount "102"]
[EventDate "2014.08.30"]

1. e4 Nf6 2. e5 Nd5 3. d4 d6 4. c4 Nb6 5. exd6 exd6 6. Nc3 Be7 7. h3 Bf5 8. Nf3
Nc6 9. Bf4 O-O 10. b3 Bf6 11. Be2 Re8 12. O-O Bg6 13. Qd2 d5 14. c5 Nc8 15.
Rac1 N8e7 16. g4 h6 17. Nb5 Rc8 18. Be3 Be4 19. Ne1 Bh4 20. Ng2 Bxg2 21. Kxg2
Qd7 22. Rcd1 Rf8 23. Nc3 Rce8 24. Bd3 f5 25. f3 Kh8 26. Bb1 Rf6 27. a3 Ref8 28.
Qc2 Ng6 29. Ne2 Nce7 30. Nf4 Nxf4+ 31. Bxf4 Ng6 32. Be5 R6f7 33. Kg1 c6 34. b4
Qe7 35. Bd6 Qe3+ 36. Kh1 Re8 37. gxf5 Nf4 38. f6 g6 39. Bxf4 Qxf4 40. Qxg6 Re2
41. Qg1 Bg3 42. Bd3 Rh2+ 43. Qxh2 Bxh2 44. Rde1 Rxf6 45. Re2 Bg3 46. Re7 h5 47.
Be2 h4 48. Rd1 Rg6 49. Re5 Bf2 50. Rh5+ Kg8 51. Rf1 Qg3 0-1

[Event "XVI Festival A"]
[Site "Trieste ITA"]
[Date "2014.08.30"]
[Round "2"]
[White "Markocic, Tine"]
[Black "Moroni, Luca jr"]
[WhiteElo "1981"]
[BlackElo "2344"]
[Result "0-1"]
[PlyCount "60"]
[EventDate "2014.08.30"]

1. e4 e6 2. d4 d5 3. Nc3 Nf6 4. Bg5 Bb4 5. e5 h6 6. Bd2 Bxc3 7. bxc3 Ne4 8. Qg4
Kf8 9. Nf3 c5 10. Bd3 Nxd2 11. Kxd2 Nc6 12. Qf4 c4 13. Be2 Bd7 14. h4 b5 15. h5
Qe7 16. a3 a5 17. g4 Rb8 18. g5 b4 19. axb4 axb4 20. gxh6 bxc3+ 21. Ke3 Rxh6
22. Nh2 f5 23. Rag1 Be8 24. Rg5 Rb2 25. Ng4 Rxc2 26. Nxh6 Nxd4 27. Nxf5 Rxe2+
28. Kxd4 Qa7+ 29. Kxc3 Qa5+ 30. Kd4 Qb6+ 0-1

[Event "XVI Festival A"]
[Site "Trieste ITA"]
[Date "2014.08.30"]
[Round "2"]
[White "Mazi, Leon"]
[Black "Plenca, Jadranko"]
[WhiteElo "2361"]
[BlackElo "2184"]
[Result "1/2-1/2"]
[PlyCount "46"]
[EventDate "2014.08.30"]

1. e4 e5 2. Nf3 Nc6 3. Bb5 a6 4. Ba4 Nf6 5. Bxc6 dxc6 6. d3 Nd7 7. Nbd2 g6 8.
Nc4 Bg7 9. Be3 c5 10. Qd2 h6 11. O-O b6 12. Rae1 a5 13. h3 Ba6 14. Nh2 Nf8 15.
Qc3 Bxc4 16. dxc4 Ne6 17. Ng4 Nd4 18. Bc1 h5 19. Ne3 c6 20. Kh2 O-O 21. Qd3 Qc7
22. c3 Ne6 23. Rd1 Rad8 1/2-1/2

[Event "XVI Festival A"]
[Site "Trieste ITA"]
[Date "2014.08.30"]
[Round "2"]
[White "Popchev, Milko"]
[Black "Horvath, Csaba"]
[WhiteElo "2240"]
[BlackElo "2540"]
[Result "1/2-1/2"]
[PlyCount "115"]
[EventDate "2014.08.30"]

1. d4 Nf6 2. Nf3 g6 3. g3 c5 4. Bg2 cxd4 5. O-O Bg7 6. Nxd4 O-O 7. c4 Nc6 8.
Nxc6 dxc6 9. Qc2 Qa5 10. Nc3 Qh5 11. Ne4 Nxe4 12. Bxe4 Bg4 13. Re1 Rfd8 14. Bg2
Qc5 15. Rb1 Bf5 16. e4 Be6 17. b3 a5 18. Be3 Bd4 19. Bxd4 Rxd4 20. Red1 Rad8
21. Rxd4 Rxd4 22. Rd1 b5 23. Rxd4 Qxd4 24. cxb5 cxb5 25. h4 a4 26. Bf3 h5 27.
Kg2 a3 28. Be2 b4 29. Bd3 Kg7 30. Be2 f6 31. Bd3 Bf7 32. Be2 g5 33. hxg5 fxg5
34. Bd3 Kf6 35. Qe2 g4 36. Qd2 Bg6 37. Qc2 Kg7 38. Qe2 Qc3 39. Bb1 Qc1 40. Qd3
Qc5 41. Bc2 Kf7 42. Bb1 Kg7 43. Bc2 Qe5 44. Bb1 Qb2 45. Qd1 Bf7 46. Qd3 Kf6 47.
Qa6+ Kg7 48. Qd3 Be6 49. Qd1 Kf6 50. Qd3 Bc8 51. e5+ Kxe5 52. Qe4+ Kf6 53. Qf4+
Kg7 54. Qg5+ Kf8 55. Be4 Bd7 56. Qxh5 Qf6 57. Qc5 Qd6 58. Qxd6 1/2-1/2

[Event "XVI Festival A"]
[Site "Trieste ITA"]
[Date "2014.08.30"]
[Round "2"]
[White "Santeramo, Alessia Carmen"]
[Black "Wallis, Christopher"]
[WhiteElo "2059"]
[BlackElo "2348"]
[Result "1/2-1/2"]
[PlyCount "100"]
[EventDate "2014.08.30"]

1. e4 e6 2. d4 d5 3. Nc3 Nf6 4. Bg5 Bb4 5. e5 h6 6. Bd2 Bxc3 7. bxc3 Ne4 8. Qg4
Kf8 9. Bd3 Nxd2 10. Kxd2 c5 11. Nf3 c4 12. Be2 b5 13. a3 a5 14. Qf4 Nc6 15. h4
Rb8 16. Rab1 Qe7 17. Qe3 b4 18. axb4 axb4 19. cxb4 Rxb4 20. Qa3 Rxb1 21. Qxe7+
Kxe7 22. Rxb1 Bd7 23. Ra1 Rb8 24. Bd1 f6 25. c3 Be8 26. Bc2 Rb6 27. Ra8 Bh5 28.
exf6+ Kxf6 29. Nh2 e5 30. dxe5+ Nxe5 31. f4 Ng4 32. Nxg4+ Bxg4 33. g3 Re6 34.
Rd8 Re2+ 35. Kc1 Re3 36. Rxd5 Rxc3 37. Rc5 Rxg3 38. Rxc4 Rh3 39. Rc6+ Kf7 40.
Rc7+ Kf6 41. Rc6+ Ke7 42. Rc7+ Ke6 43. Rxg7 Rxh4 44. Bd3 h5 45. Kd2 Rh3 46. Rg8
Rf3 47. f5+ Ke5 48. Re8+ Kf4 49. f6 Kg5 50. Rg8+ Kxf6 1/2-1/2

[Event "XVI Festival A"]
[Site "Trieste ITA"]
[Date "2014.08.30"]
[Round "2"]
[White "Simoni, Giulio"]
[Black "Suc, Timothy"]
[WhiteElo "1845"]
[BlackElo "2122"]
[Result "0-1"]
[PlyCount "60"]
[EventDate "2014.08.30"]

1. e4 c5 2. Nf3 d6 3. d4 cxd4 4. Nxd4 Nf6 5. Nc3 a6 6. Be2 e5 7. Nb3 Be7 8. O-O
Be6 9. Be3 Nbd7 10. Bf3 Nb6 11. Nd5 Nfxd5 12. exd5 Bf5 13. Bxb6 Qxb6 14. Bg4
Bg6 15. Bh5 Qb4 16. Bxg6 hxg6 17. Qd3 Qh4 18. Qg3 Qh5 19. h3 Rc8 20. c3 Bd8 21.
Qe3 O-O 22. Qd3 Bb6 23. Nd2 Ba7 24. Kh1 Qh4 25. Qe2 f5 26. f3 g5 27. Kh2 Rf6
28. g3 Qa4 29. b3 Qa5 30. c4 Bd4 0-1

[Event "XVI Festival A"]
[Site "Trieste ITA"]
[Date "2014.08.30"]
[Round "2"]
[White "Srebrnic, Vojko"]
[Black "Eggleston, David J."]
[WhiteElo "2191"]
[BlackElo "2398"]
[Result "0-1"]
[PlyCount "68"]
[EventDate "2014.08.30"]

1. Nf3 Nf6 2. c4 b6 3. g3 Bb7 4. Bg2 e6 5. Nc3 Be7 6. O-O O-O 7. d4 Na6 8. b3
d5 9. cxd5 exd5 10. Bb2 c5 11. e3 Nc7 12. dxc5 bxc5 13. Qc2 Ne6 14. Rfd1 Qa5
15. Ne5 Rfd8 16. Rac1 Rab8 17. Ne2 Qb6 18. Rb1 Rbc8 19. Nc3 Qc7 20. Ne2 Qb8 21.
Nf4 Nxf4 22. gxf4 Qc7 23. Rbc1 Qb6 24. Qe2 Ba6 25. Qd2 Bb7 26. f3 d4 27. exd4
cxd4 28. Rxc8 Bxc8 29. Bf1 d3+ 30. Kg2 Bb4 31. Qf2 Qxf2+ 32. Kxf2 Bc5+ 33. Kg2
Nd5 34. Nxd3 Ne3+ 0-1

[Event "XVI Festival A"]
[Site "Trieste ITA"]
[Date "2014.08.30"]
[Round "2"]
[White "Stark, Lars"]
[Black "Barp, Alberto"]
[WhiteElo "2453"]
[BlackElo "2030"]
[Result "1-0"]
[PlyCount "71"]
[EventDate "2014.08.30"]

1. c4 e5 2. g3 Nf6 3. Bg2 Nc6 4. Nc3 Bb4 5. Nd5 Bc5 6. e3 O-O 7. a3 a5 8. Ne2
d6 9. h3 Nxd5 10. cxd5 Ne7 11. d4 Bb6 12. O-O Nf5 13. b3 Re8 14. Bb2 f6 15. Rc1
Bd7 16. a4 Rc8 17. Qd3 Qe7 18. e4 Nh6 19. Kh2 Nf7 20. Rc2 c5 21. dxc6 Rxc6 22.
Rfc1 Rec8 23. f4 Rxc2 24. Rxc2 Rxc2 25. Qxc2 Qd8 26. Qd3 Ba7 27. dxe5 dxe5 28.
fxe5 fxe5 29. Qd5 Qc7 30. Bxe5 Qc6 31. Qxa5 Bf2 32. Bd4 Bxd4 33. Nxd4 Qf6 34.
Qa8+ Nd8 35. e5 Qe7 36. e6 1-0

[Event "XVI Festival A"]
[Site "Trieste ITA"]
[Date "2014.08.30"]
[Round "2"]
[White "Sumets, Andrey"]
[Black "De Schampheleire, Glen"]
[WhiteElo "2622"]
[BlackElo "2307"]
[Result "1/2-1/2"]
[PlyCount "137"]
[EventDate "2014.08.30"]

1. d4 Nf6 2. c4 e6 3. g3 d5 4. Bg2 Bb4+ 5. Bd2 Be7 6. Nf3 O-O 7. O-O c6 8. Bf4
Nbd7 9. Nc3 dxc4 10. e4 b5 11. d5 Qb6 12. Nd4 cxd5 13. exd5 Bb7 14. Ndxb5 exd5
15. Nc7 Rac8 16. N7xd5 Nxd5 17. Nxd5 Bxd5 18. Qxd5 Rfd8 19. Bh3 Nf8 20. Qe4 Ne6
21. Rac1 Bf6 22. Be3 Bd4 23. Bxd4 Rxd4 24. Qe2 Rcd8 25. Rc2 h6 26. Bxe6 Qxe6
27. Qxe6 fxe6 28. Rfc1 Rb8 29. Kf1 e5 30. h4 a5 31. Re1 Rb5 32. Re3 Rd1+ 33.
Kg2 Ra1 34. a3 Ra2 35. Ree2 Rb3 36. Rxc4 Rbxb2 37. Rxb2 Rxb2 38. Rc5 e4 39. Kf1
Rb1+ 40. Ke2 Rb2+ 41. Ke1 Rb1+ 42. Kd2 Rb2+ 43. Rc2 Rb5 44. Rc3 Rb1 45. Ke3
Re1+ 46. Kd4 Re2 47. Rc5 a4 48. Ra5 Rxf2 49. Kxe4 Rg2 50. Kf3 Ra2 51. Rxa4 h5
52. Ra7 Kh7 53. a4 Kg6 54. a5 Kh6 55. a6 Ra3+ 56. Kf2 g5 57. Ra8 gxh4 58. gxh4
Kg7 59. Ke2 Ra4 60. Ra7+ Kg6 61. Kd3 Rxh4 62. Rc7 Ra4 63. a7 h4 64. Ke3 h3 65.
Kf2 h2 66. Kg2 Ra2+ 67. Kh1 Kf6 68. Rc8 Rxa7 69. Kxh2 1/2-1/2

[Event "XVI Festival A"]
[Site "Trieste ITA"]
[Date "2014.08.30"]
[Round "2"]
[White "Tratar, Marko"]
[Black "Curione, Francesco"]
[WhiteElo "2490"]
[BlackElo "2192"]
[Result "1-0"]
[PlyCount "107"]
[EventDate "2014.08.30"]

1. Nf3 Nf6 2. c4 g6 3. Nc3 Bg7 4. e4 c5 5. d4 cxd4 6. Nxd4 d6 7. Be2 O-O 8. O-O
Nc6 9. Be3 Bd7 10. Qd2 Re8 11. f3 Ne5 12. Rac1 a6 13. Rfd1 Rc8 14. Nd5 Nxd5 15.
cxd5 f5 16. exf5 gxf5 17. h3 Kh8 18. f4 Ng6 19. Ne6 Bxe6 20. dxe6 Rg8 21. Bf3
b5 22. Bd5 Nh4 23. Kh2 Qe8 24. Rxc8 Qxc8 25. g3 Ng6 26. Rc1 Qe8 27. Rc6 Nf8 28.
Rxa6 Qg6 29. Bf2 h5 30. Ra7 Bf6 31. h4 Nh7 32. Ra8 Rxa8 33. Bxa8 Bg7 34. Qe2
Nf6 35. Kg2 Ne4 36. Qxb5 Qxe6 37. Qe8+ Kh7 38. Qxh5+ Kg8 39. Qe8+ Kh7 40. Qh5+
Kg8 41. Qd1 Kf8 42. Bd5 Qc8 43. Qb3 Nxf2 44. Kxf2 Bd4+ 45. Kg2 Kg7 46. a4 Qc1
47. Qd3 Qxb2+ 48. Kh3 Kf6 49. Qc4 Bg1 50. Bg2 Qa3 51. Qg8 e6 52. Qf8+ Kg6 53.
h5+ Kxh5 54. Qg7 1-0

[Event "XVI Festival A"]
[Site "Trieste ITA"]
[Date "2014.08.30"]
[Round "2"]
[White "Vidic, Miha"]
[Black "Drazic, Sinisa"]
[WhiteElo "2100"]
[BlackElo "2433"]
[Result "0-1"]
[PlyCount "276"]
[EventDate "2014.08.30"]

1. d4 g6 2. c4 Bg7 3. e4 d6 4. Nc3 e5 5. Be3 Nc6 6. d5 Nce7 7. Nge2 f5 8. f3
Nf6 9. Qd2 O-O 10. h3 f4 11. Bf2 g5 12. O-O-O Ng6 13. Kb1 Rf7 14. Nc1 Bf8 15.
Be2 Rg7 16. b4 Nh4 17. Bf1 Nh5 18. Nb3 Qf6 19. Ne2 Bd7 20. Kb2 Be8 21. Rc1 a6
22. Rg1 c6 23. Bxh4 gxh4 24. Nc3 Qd8 25. Bd3 Qb6 26. a3 Qe3 27. Rce1 Qxd2+ 28.
Nxd2 Be7 29. Nb3 Rc8 30. Re2 Nf6 31. Rc2 Kf8 32. Rgc1 Nd7 33. Bf1 Rg6 34. Ka2
Bf7 35. Nb1 Ke8 36. Na5 Rc7 37. Kb2 Nb6 38. Nc3 c5 39. Ka2 Bd8 40. Nd1 Re7 41.
Nb2 Nc8 42. Nb3 b6 43. b5 Ra7 44. a4 Kf8 45. Nd2 Rg7 46. Nb1 Be8 47. Kb3 Ra8
48. Nc3 Ne7 49. Ne2 Ng8 50. Nc3 Nf6 51. Nbd1 Rg3 52. Kb2 Bd7 53. Ne2 Rg7 54.
Nec3 Ke8 55. Ra1 Bc7 56. Ra2 Ke7 57. Ne2 Ng8 58. Nec3 Nh6 59. Ne2 Nf7 60. Kb3
Ng5 61. Kb2 Rgg8 62. Kb3 Ra7 63. Rcb2 Rga8 64. Ng1 Nf7 65. Ne2 Nd8 66. Ndc3 Nb7
67. Nc1 Rg8 68. Nd1 Kf6 69. Kc3 Rg3 70. Ne2 Rg7 71. Nc1 Ra8 72. Ne2 Ke7 73. Kb3
Kd8 74. Kc3 Kc8 75. Kb3 Na5+ 76. Kc3 Kb7 77. Ng1 Rag8 78. Rd2 Ka7 79. Rdb2 Bd8
80. Rd2 Kb7 81. Rdb2 Rg3 82. Rd2 Bf6 83. Rf2 Kc7 84. Rfb2 Nb7 85. Ra1 Ra8 86.
Raa2 Rb8 87. Ra1 Rc8 88. Raa2 Rcg8 89. Rf2 a5 90. Rad2 Nd8 91. Kb2 Nf7 92. Nc3
R3g7 93. Rc2 Kd8 94. Rfd2 Ke7 95. Kb3 Rg3 96. Kb2 Bg7 97. Kb1 Bh6 98. Rf2 Nh8
99. Ra2 Ng6 100. Rae2 Nf8 101. Ra2 Be8 102. Rac2 Nd7 103. Ra2 Nf6 104. Rfb2 Nh5
105. Bd3 Bd7 106. Ka1 R3g6 107. Kb1 Ng3 108. Rc2 Bf8 109. Rcb2 Nh5 110. Bf1 Kf7
111. Rc2 Be7 112. Bd3 Rg3 113. Bf1 Nf6 114. Bd3 h6 115. Bf1 Nh7 116. Bd3 Ng5
117. Bf1 Nxh3 118. Nxh3 Bxh3 119. gxh3 Rxf3 120. Be2 Rg1+ 121. Kb2 Rxh3 122.
Bh5+ Kf8 123. Rf2 Rg5 124. Be2 Kg7 125. Ra1 Rgg3 126. Rc1 Kg6 127. Rc2 f3 128.
Bd3 Bg5 129. Rf1 Be3 130. Nd1 Bd4+ 131. Kc1 Kg5 132. Rd2 Kf4 133. Kc2 h5 134.
Kc1 Rg1 135. Kc2 Rhh1 136. Rxg1 Rxg1 137. Nf2 Bxf2 138. Rxf2 Rg2 0-1

[Event "XVI Festival A"]
[Site "Trieste ITA"]
[Date "2014.08.31"]
[Round "3"]
[White "Baiocchi, Emanuele"]
[Black "Srebrnic, Vojko"]
[WhiteElo "1870"]
[BlackElo "2191"]
[Result "1/2-1/2"]
[PlyCount "67"]
[EventDate "2014.08.30"]

1. e4 c5 2. Nc3 Nc6 3. g3 g6 4. Bg2 Bg7 5. Nge2 d6 6. O-O e5 7. d3 Nge7 8. Be3
Be6 9. Qd2 Nd4 10. f4 Qd7 11. Nc1 O-O 12. Nd1 Rac8 13. c3 Ndc6 14. Ne2 f5 15.
Nf2 b6 16. Rad1 d5 17. fxe5 Nxe5 18. exf5 Nxf5 19. Bf4 d4 20. c4 Nd6 21. Rde1
Nef7 22. Bxd6 Qxd6 23. Nf4 Bf5 24. Ne4 Bxe4 25. Rxe4 Rce8 26. Rxe8 Rxe8 27. Bd5
Re7 28. Nh3 Bf6 29. Ng5 Bxg5 30. Qxg5 Kg7 31. Qxe7 Qxe7 32. Rxf7+ Qxf7 33. Bxf7
Kxf7 34. Kf2 1/2-1/2